| 000 | 00932nam a2200289 c 4500 | ||
|---|---|---|---|
| 003 | BLK | ||
| 005 | 20190913121318.0 | ||
| 008 | 180911b bul|||||r ||||||| ||bul|| | ||
| 010 | _a004480 | ||
| 040 | _aBLK | ||
| 041 | _aFRE | ||
| 080 | _z949.72949.7 | ||
| 100 | 1 |
_aSOLAROV, K. _eпърви автор |
|
| 245 | 0 | 0 | _aLa Bulgarie et la question macedonienne |
| 246 | _aLes causes des guerres balkaniques | ||
| 260 |
_aSofia _bImpr. de l'etat _c1919 |
||
| 300 |
_aVIII, 258 с., 4 л _bк., 1 л. : факс. _c24 см |
||
| 380 | _a9 | ||
| 490 |
_aЧастна колекция - Академик Михаил Арнаудов _gДарение - Основен фонд |
||
| 650 | 4 | _aИстория | |
| 650 | _aБалкански страни | ||
| 650 | _aБалкански страни | ||
| 655 | _aбългарска история | ||
| 700 | 1 | _aK. Solariff | |
| 852 | _aМА 1465 | ||
| 942 |
_cKNG _n0 |
||
| 944 |
_aCR _c1996 _kValK |
||
| 999 |
_c344814 _d344814 |
||